Mobile development with C#

This book shows you how to reuse one codebase across all three platforms by combining the business logic layer of your C# app with separate, fully native UIs. It's an ideal marriage of platform-specific development and the "write once, run everywhere" philosophy. By building a series...

Descripción completa

Guardado en:
Detalles Bibliográficos
Autor principal: Shackles, Greg
Formato: Libro
Lenguaje:Vietnamese
Publicado: California O'reilly Media, Inc. 2012
Materias:
Etiquetas: Agregar Etiqueta
Sin Etiquetas, Sea el primero en etiquetar este registro!
Thư viện lưu trữ: Thư viện Trường Đại học Nam Cần Thơ
LEADER 01198nam a22001937a 4500
001 NCT_95424
008 211224b xxu||||| |||| 00| 0 vie d
999 |c 4739  |d 4739 
020 |a 9781449320232  |c 1370000 
082 0 4 |2 23rd ed.  |a 005.1  |b S524 
100 1 |a Shackles, Greg 
245 1 0 |a Mobile development with C#  |c Greg Shackles 
260 |a California  |b O'reilly Media, Inc.  |c 2012 
300 |a xi, 155 p.  |b ill.  |c 24cm 
520 3 |a This book shows you how to reuse one codebase across all three platforms by combining the business logic layer of your C# app with separate, fully native UIs. It's an ideal marriage of platform-specific development and the "write once, run everywhere" philosophy. By building a series of simple applications, you'll experience the advantages of using .NET in mobile development and learn how to write complete apps that access the unique features of today's three most important mobile platforms. 
653 |a Công nghệ thông tin 
942 |2 ddc  |c BK 
952 |0 0  |1 0  |2 ddc  |4 0  |6 005_100000000000000_S524  |7 0  |9 22117  |a 000001  |b 000001  |d 2021-12-24  |o 005.1 S524  |p MD.19183  |r 2021-12-24  |v 999999.99  |w 2021-12-24  |y BK 
980 |a Thư viện Trường Đại học Nam Cần Thơ